Ejercicios gramaticales i gramática elemental
Guardat en:
| Autor principal: | |
|---|---|
| Format: | Llibre |
| Idioma: | espanyol |
| Publicat: |
Santiago
La Ilustración
1907
|
| Matèries: | |
| Etiquetes: |
Afegir etiqueta
Sense etiquetes, Sigues el primer a etiquetar aquest registre!
|
MARC
| LEADER | 00000nam a2200000 a 4500 | ||
|---|---|---|---|
| 001 | UCZ8554 | ||
| 003 | CL-VaPUC | ||
| 008 | 960121e19070000CL |||||||||||||||||spa|d | ||
| 082 | 0 | 4 | |a 372.61 |b SAL |2 21 |
| 100 | 0 | |a Salas Marchan, M |e author |9 353890 | |
| 245 | 1 | 0 | |a Ejercicios gramaticales i gramática elemental |
| 300 | |a v | ||
| 942 | |c BK | ||
| 945 | |d 19960121 00:00:00 |a lriquelm | ||
| 260 | |a Santiago |b La Ilustración |c 1907 | ||
| 650 | 0 | |a Gramática |9 270497 | |
| 650 | 0 | |a Morfología Lingüística |9 340777 | |
| 650 | 0 | |a Sintaxis |9 318843 | |
| 650 | 0 | |a Filología |9 321245 | |
| 650 | 0 | |a Métodos de enseñanza |9 270413 | |
| 583 | |a last modification |c 19960121 00:00:00 |k Rodrigo Vera | ||
| 999 | |c 244419 |d 244417 | ||
| 952 | |0 0 |1 0 |4 0 |6 372_610000000000000_SAL_1907 |7 0 |8 P |9 258479 |a BIBEDU |b BIBEDU |c BIBEDU_PB |d 2019-11-19 |h v.3 |i 1619888 |o 372.61 SAL 1907 |p 1619888 |r 2024-01-25 |w 2019-11-19 |y BK |k EDU | ||